000
00289nam a2200109Ia 4500
001
1264683
005
20260417141945.0
008
260417s9999 xx 000 0 und d
020
_a
9789752893412
245
0
_a
Konuştuğumuz Gibi Uzaklara
_c
Kürşat Başar
260
_b
Everest Yayınları
999
_c
1264683
_d
1264683